000 00778nam a2200229Ii 4500
003 JO-AjNU
008 230605s9999||||xx |||||||||||||| ||und||
017 _a2006/12/3264
020 _a9957-32-298-2
040 _aJO-AjNU
_bara
_erda
_cJO-AjNU
041 _aara
050 1 4 _aLB2840.2.B36 2007
100 3 _aبني أحمد،أحمد محمد عوض ,
_eauthor
_928636
245 0 0 _aالإحتراق النفسي والمناخ التنظيمي في المدارس
250 _aط1
264 3 1 _aعمان:دار الحامد،2007
300 _a198ص
336 _atext
_btxt
_2rdacontent
337 _aunmediated
_bn
_2rdamedia
338 _avolume
_bnc
_2rdacarrier
650 4 _aعلم النفس التربوي-الإدارة التربوية-المدارس
_928637
999 _aA11132
_c14700
_d14700